| 000 | 00426nam a22001697a 4500 | ||
|---|---|---|---|
| 003 | MPLRDC | ||
| 005 | 20220104114641.0 | ||
| 008 | 210129b ||||| |||| 00| 0 eng d | ||
| 082 | _a782.862 ZCG v.1 | ||
| 100 | _a陈舜臣 | ||
| 245 |
_a郑成功. 上 _c卞立强译 |
||
| 250 | _a一版三刷 | ||
| 260 |
_a中国 _b贵州人民出版社 _c1983 |
||
| 300 | _b280 | ||
| 650 | _a郑成功传记 | ||
| 942 |
_cBK _o782.862 ZCG v.1 |
||
| 999 |
_c9149 _d9139 |
||